| 000 | 00856nam a2200301 a 4500 | ||
|---|---|---|---|
| 003 | AR-BaBNM | ||
| 005 | 20251128205737.0 | ||
| 008 | 082120s2002 ||||||||||||||000 | spa|| | ||
| 020 | _a950-29-0368-4 | ||
| 040 | _cAR-BaBNM | ||
| 245 | 0 | 0 |
_aAtípicos _ben la literatura latinoamericana |
| 250 | _a1ª ed. | ||
| 260 |
_aBuenos Aires _bFacultad de Filosofía y Letras _c1996 |
||
| 300 | _a431 p. | ||
| 490 | 0 |
_aEdiciones universitarias de Ciclo Básico Común _vv. 100 |
|
| 650 | 4 | _aCRITICA LITERARIA | |
| 650 | 4 | _aLITERATURA LATINOAMERICANA | |
| 650 | 4 | _aESCRITORES | |
| 650 | 4 | _aLITERATURA CONTEMPORANEA | |
| 650 | 4 | _aSIGLO DIECINUEVE | |
| 650 | 4 | _aTEORIA LITERARIA | |
| 650 | 4 | _aANALISIS LITERARIO | |
| 653 | _aVANGUARDIAS LITERARIAS | ||
| 655 | _aLITERATURA | ||
| 700 | 1 |
_aJitrik, Noé _ecompilador |
|
| 942 | _cBK | ||
| 998 | _cMARTIN | ||
| 999 |
_c12642 _d12642 |
||